|
|
|
|
| LEADER |
00000nab a2200000 a 4500 |
| 001 |
vtls000023900 |
| 003 |
SK-MaSNL |
| 005 |
20260304205822.0 |
| 008 |
250422c1978 xo 0 slo |
| 015 |
|
|
|a SNBRB19rr/mm-uuuuu
|
| 035 |
|
|
|a CL0033994
|
| 035 |
|
|
|a urn:nbn:sk:snk-ab6yn9
|
| 035 |
|
|
|a (uuid)d1b8ad2c-1462-4534-aec0-3656eb282990
|
| 035 |
|
|
|a (urnnbn)urn:nbn:sk:snk:ar-a06b5r
|
| 035 |
|
|
|a (sysno)vtls000023900
|
| 040 |
|
|
|a SNKBUCL
|b slo
|c SNKBUCL
|e AACR2
|
| 041 |
0 |
|
|a eng
|
| 044 |
|
|
|a xo
|c SK
|
| 080 |
|
|
|a 576
|2 1981
|
| 080 |
|
|
|a 616
|2 1981
|
| 080 |
|
|
|a 616.5
|2 1981
|
| 245 |
0 |
0 |
|a Establishment of Cell Line Derived from Human Malignant Melanoma
|c J. Kovařík ... [et al.]
|
| 300 |
|
|
|b Tb. 1. Grafy 11.
|
| 650 |
0 |
7 |
|a melanóm malígny
|2 snkbucl
|9 906007
|
| 655 |
|
7 |
|a články z novín a časopisov
|2 snkbucl
|9 267496
|
| 700 |
1 |
|
|a Kovařík, J.
|4 aut
|9 804795
|
| 700 |
1 |
|
|a Švejda, Jaroslav,
|d 1915-1986
|4 aut
|9 182723
|
| 700 |
1 |
|
|a Buček, J.
|4 aut
|9 402944
|
| 700 |
1 |
|
|a Rejthar, Aleš,
|d 1938-2015
|4 aut
|9 199105
|
| 700 |
1 |
|
|a Král, B.
|4 aut
|9 898738
|
| 700 |
1 |
|
|a Ninger, E.
|4 aut
|9 1140389
|
| 700 |
1 |
|
|a Zemanová, D.
|4 aut
|9 799428
|
| 700 |
1 |
|
|a Lauferová, L.
|4 aut
|9 1540398
|
| 773 |
0 |
|
|t Neoplasma
|g Roč. 25, č. 6 (1978), s. 701-712
|
| 850 |
|
|
|a Slovenská národná knižnica
|
| 852 |
|
|
|a Slovenská národná knižnica
|
| 958 |
|
|
|a article27
|
| 958 |
|
|
|a RK
|
| 958 |
|
|
|a OND
|
| 958 |
|
|
|a EUIPO
|
| 992 |
|
|
|a RBX
|
| 999 |
|
|
|c 3123063
|d 3124993
|